00000000nam##2200000za#4500
0019.534726
003CaOODSP
00520210615083624
007ta
008150406|2000||||xxc|||||     f|0| 0 eng|d
040 |aCaOODSP|beng
041 |aeng
041 |afre
043 |an-cn---
0861 |aH12-30/111
1101 |aCanada.|bHealth Canada. |bHealth Protection Branch.
24510|aInterference between digital TV transmissions and medical telemetry devices
260 |aOttawa - Ontario : |bHealth Canada.
300 |a4p. : |breferences ; |c28 cm.
4901 |aAlert: medical devices |vNo. 111, September 29, 1999
546 |aBilingual
563 |aPamphlet
590 |a00-51|b2000-12-29
69007|aMedical technology|2gcpds
7760#|tBrouillage causé par les émissions de télévision numérique aux matériels de télémédecine |w(CaOODSP)9.588058
792 |tBrouillage causé par les émissions de télévision numérique aux matériels de télémédecine |efre|w(CaOODSP)9.534727
830#0|aAlert: medical devices ;|vNo. 111, September 29, 1999|w(CaOODSP)9.509384